Central Library OPAC University of Rajshahi

معاصر (Muʿāṣir / (Record no. 85417)

MARC details
000 -LEADER
fixed length control field 00493nam a2200193 4500
001 - CONTROL NUMBER
control field 85417
003 - CONTROL NUMBER IDENTIFIER
rucl marc code BD-RjUL
005 - DATE AND TIME OF LATEST TRANSACTION
control field 20250803152916.0
008 - FIXED-LENGTH DATA ELEMENTS--GENERAL INFORMATION
fixed length control field 250803s1954 pk ||||| |||| 00| 0 urd d
035 ## - SYSTEM CONTROL NUMBER
System control number (BD-RjUL)85417
040 ## - CATALOGING SOURCE
Original cataloging agency BD-RjUL
Language of cataloging eng
Transcribing agency BD-RjUL
041 ## - LANGUAGE CODE
Language code of text/sound track or separate title urd
082 ## - DEWEY DECIMAL CLASSIFICATION NUMBER
Edition number 23
Classification number 891.439
245 ## - TITLE STATEMENT
Title معاصر (Muʿāṣir /
Statement of responsibility, etc. عبدالمنان بیدل ;; Abdul Manan Bedil
300 ## - PHYSICAL DESCRIPTION
Pagination v. ;
505 ## - FORMATTED CONTENTS NOTE
Formatted contents note Vol.2.-- pt;6.--
650 ## - SUBJECT ADDED ENTRY--TOPICAL TERM
Topical term or geographic name as entry element literature
942 ## - ADDED ENTRY ELEMENTS (KOHA)
Source of classification or shelving scheme Dewey Decimal Classification
Koha item type Books
Holdings
Lost status Source of classification or shelving scheme Damaged status Not for loan Collection code Permanent Location Current Location Shelving location Date acquired Total Checkouts Full call number Date last seen Copy number Koha item type
  Dewey Decimal Classification   Not For Loan Non-fiction Central Library, University of Rajshahi Central Library, University of Rajshahi Reading Room 03/08/2025   U 891.439 BIM 1954 03/08/2025 C-1 Books